000 00703nam a22001817a 4500
005 20250403125224.0
010 _aHIN-129576
020 _a9789393267986
_c215.00
035 _aHN-101922
037 _bDBAD
082 _a822
100 _aप्रसाद, जयशंकर
_980192
245 _aचन्द्रगुप्त /
_cजयशंकर प्रसाद
260 _aदिल्ली
_bराजपाल एंड संज
_c2025
270 _bदिल्ली
_a1590, मदरसा रोड , कश्मीरी गेट,
_e110006
300 _a172पृ.
_c22सेमी. (अजिल्द)
942 _2ddc
_cHN
_h822
_mप्रसाद
999 _c210718
_d210718